Maiores Cidades do Ceará - Statistics

Estatísticas Gerais
  • Esse quiz foi jogado 1 792 vezes
  • A pontuação média é 9 de 20
Respostas no mapa
Respostas codificadas por cores de uma escala verde-vermelha no mapa do quiz de acordo com a % correta abaixo.
 
Estatísticas das Respostas
População Cidade % Correto
2.686.610 Fortaleza
99%
265.420 Juazeiro do Norte
79%
186.170 Sobral
75%
325.690 Caucaia
66%
110.560 Crato
62%
227.880 Maracanaú
57%
62.990 Quixadá
47%
74.760 Aquiraz
45%
54.340 Eusébio
40%
99.070 Maranguape
40%
79.720 Iguatu
39%
75.250 Itapipoca
39%
54.340 Crateús
37%
49.400 Quixeramobim
37%
50.780 Russas
31%
63.390 Horizonte
29%
50.900 Tianguá
28%
61.330 Cascavel
26%
59.980 Pacajus
25%
72.620 Pacatuba
21%
Nenhum quiz correspondente encontrado
Distribuição das Pontuações
Porcentagem de Pessoas com Cada Pontuação
Percentil de Números Respondidos
Sua Pontuação Histórica
Você não jogou esse quiz